Top Goalscorers for Villarreal CF Since 2000 - Statistics

General Stats
  • This quiz has been taken 23 times
  • The average score is 12 of 25
Answer Stats
# Goals Years Nat. Answer % Correct
1 120 2012-'13, 2014-'15, 2018- 🇪🇸 Gerard Moreno
90%
3 59 2004-2007 🇺🇾 Diego Forlán
86%
18 26 2023/24 🇳🇴 Alexander Sørloth
81%
8 43 2017-'18, 2018-'21 🇨🇴 Carlos Bacca
76%
2 82 2007-2013 🇮🇹 Giuseppe Rossi
76%
6 46 2003-'07, 2007 🇦🇷 Juan Román Riquelme
76%
5 48 2015-2018 🇨🇩 Cédric Bakambu
67%
9 37 2018-2021 🇳🇬 Samuel Chukwueze
62%
24 24 2021-2023 🇳🇱 Arnaut Danjuma
57%
4 57 2003-'06, 2007-'11,2018-'20 🇪🇸 Santi Cazorla
57%
25 24 2018-2020 🇨🇲 Karl Toko Ekambi
48%
15 32 2002-2013 🇪🇸 Marcos Senna
48%
19 26 2019-'21, 2022-'25 🇪🇸 Álex Baena
43%
10 37 2011-2024 🇪🇸 Manuel Trigueros
43%
21 25 2006-2009 🇹🇷 Nihat Kahveci
43%
16 32 2006-2020 🇪🇸 Bruno Soriano
38%
17 29 2008-2010 🇪🇸 Joseba Llorente
38%
12 34 2009-2012 🇧🇷 Nilmar
38%
14 32 2006-2015 🇪🇸 Cani
33%
11 36 2012-2015 🇳🇬 Ikechukwu Uche
33%
23 25 2001-2006 🇪🇸 Guayre
19%
13 33 2000-2003 🇪🇸 Jorge López
14%
22 25 2003-2007 🇪🇸 José Mari
14%
7 44 2000-2004 🇪🇸 Víctor
14%
20 25 2022-2024 🇪🇸 José Morales
10%
No matching quizzes found
Score Distribution
Percent of People with Each Score
Percentile by Number Answered
Your Score History
You have not taken this quiz